00585nam a2200145Ia 4500008004100000100002900041245009700070245004500167260000900212300002500221440003800246650006400284999001900348952007200367171207s9999 xx 000 0 und d aBalakrishnan, Vishalache aParticipatory action research in culturally complex societies: opportunities and challenges  cVishalache Balakrishnan & Lise Claiborne c2017 apages 185-202, 2017 aEducational Action Researchv25:2 aParticipatory action research, culturally complex societies c347511d347511 001040aCLbCLd2017-12-07l0r2017-12-07 00:00:00w2017-12-07ySE